Handbook of of Pictorial Symbols; (Record no. 21374)

MARC details
000 -CABECERA
campo de control de longitud fija 00618nam a2200205 4500
003 - IDENTIFICADOR DEL NÚMERO DE CONTROL
campo de control OSt
005 - FECHA Y HORA DE LA ÚLTIMA TRANSACCIÓN
campo de control 20260601193839.0
008 - DATOS DE LONGITUD FIJA--INFORMACIÓN GENERAL
campo de control de longitud fija 260506b |||||||| |||| 00| 0 spa d
020 ## - NÚMERO INTERNACIONAL ESTÁNDAR DEL LIBRO
Número Internacional Estándar del Libro 9780486233574
040 ## - FUENTE DE LA CATALOGACIÓN
Centro catalogador/agencia de origen ICI
Lengua de catalogación spa
Centro/agencia transcriptor ICI
050 ## - SIGNATURA TOPOGRÁFICA DE LA BIBLIOTECA DEL CONGRESO
Número de clasificación NC1002
Número de documento/Ítem .M63
100 #1 - ENTRADA PRINCIPAL--NOMBRE DE PERSONA
Nombre de persona Modley, Rudolf
245 #1 - MENCIÓN DE TÍTULO
Título Handbook of of Pictorial Symbols;
Resto del título 3,250 Examples from International Sources
Mención de responsabilidad, etc. Rudolf Modley; William R. Meyers
264 ## - PRODUCCIÓN, PUBLICACIÓN, DISTRIBUCIÓN, FABRICACIÓN Y COPYRIGHT
Nombre del de productor, editor, distribuidor, fabricante Dover Publications
Fecha de producción, publicación, distribución, fabricación o copyright 1976
Producción, publicación, distribución, fabricación y copyright Estados Unidos
300 ## - DESCRIPCIÓN FÍSICA
Extensión 141 páginas
336 ## - TIPO DE CONTENIDO
Término de tipo de contenido texto
Fuente rdacontent
337 ## - TIPO DE MEDIO
Nombre/término del tipo de medio sin medio
Fuente rdamedia
338 ## - TIPO DE SOPORTE
Nombre/término del tipo de soporte volumen
Fuente rdacarrier
942 ## - ELEMENTOS DE PUNTO DE ACCESO ADICIONAL (KOHA)
Fuente del sistema de clasificación o colocación Library of Congress Classification
Tipo de ítem Koha Libros
Suprimir en OPAC 1

No items available.